Medidas de aplicación del derecho internacional humanitario /
El documento presenta un informe del I Seminario Regional, en Panamá el 17 y 18 de febrero de 1998, en el que se abordaron las medidas de aplicación del derecho internacional humanitario.
Na minha lista:
| Autor principal: | |
|---|---|
| Formato: | Texto |
| Idioma: | Spanish |
| Publicado em: |
Guatemala:
Comité Internacional de La Cruz Roja,
1999
|
| Assuntos: | |
| Tags: |
Adicionar Tag
Sem tags, seja o primeiro a adicionar uma tag!
|
MARC
| LEADER | 00000 a a2200000 04500 | ||
|---|---|---|---|
| 001 | 34557 | ||
| 003 | cru CIDCACS/IIS | ||
| 005 | 20230707090308.0 | ||
| 008 | 230328b1999 pn ||||| |||| 00| 0 spa d | ||
| 040 | |c CRAI IIS | ||
| 090 | |a 01.02.04 M489m | ||
| 100 | |a Flores Acuña, Tathiana | ||
| 245 | |a Medidas de aplicación del derecho internacional humanitario / |c Tathiana Flores Acuña | ||
| 260 | |a Guatemala: |b Comité Internacional de La Cruz Roja, |c 1999 | ||
| 300 | |a 208 p. | ||
| 520 | |a El documento presenta un informe del I Seminario Regional, en Panamá el 17 y 18 de febrero de 1998, en el que se abordaron las medidas de aplicación del derecho internacional humanitario. | ||
| 650 | |a DERECHO INTERNACIONAL | ||
| 650 | |a DERECHOS HUMANOS | ||
| 650 | 0 | |a CONFLICTOS |9 4728 | |
| 650 | 0 | |a HISTORIA |9 136 | |
| 651 | 0 | |9 308 |a CENTROAMERICA | |
| 942 | |2 ddc |c LI | ||
| 999 | |c 12763 |d 12763 | ||
